000 00324 a2200133 4500
001 88453
082 _aPR 668
090 _c41878
_d41878
100 _aZia Ud Din
245 _aDetermination of C-130 model
260 _aKarachi
_bUniversity of Karachi
_c1972
300 _a170p.
500 _aBE Project Reports
942 _aUniversity of Karachi
_kPR 668
999 _c323526
_d323526